000 00710nam a2200229 a 4500
001 000025803
005 20200930024048.0
008 100308s1973 sp 000 d spa d
020 _a8472730433
040 _aDO-SdBNP
_bspa
_cBNPHU
082 _ann*
_bnn*
100 1 _aQueiroz, Eça de.
_952614
245 1 3 _aEl primo Basilio ; el conde de abraños /
_cEça de Queiroz y Por Rafael Morales ; traducción de Mariano Tudela.
260 _aMadrid :
_bGiner,
_c1973.
300 _a379 p. ;
_c22 cm.
490 1 _aClásicos Giner
740 3 _aEl conde de abraños.
700 1 _aTudela, Mariano,
_etr.
_939842
700 1 _aMorales, Por Rafael.
_952615
830 0 _aClásicos Giner
_913829
049 _aBNPD
999 _c25295
_d25295